| 000 | 00610cam a22002171 4500 | ||
|---|---|---|---|
| 001 | ne 63002626 | ||
| 003 | DLC | ||
| 005 | 20260227111753.0 | ||
| 008 | 920916s1939 xx 000 0 tur | ||
| 010 | _ane 63002626 | ||
| 035 | _a(OCoLC)34976628 | ||
| 040 |
_aDLC _cNNC _dDLC |
||
| 042 | _apremarc | ||
| 050 | 0 | 0 |
_aPL248.K34 _bA7 1939 |
| 100 | 1 |
_aKaray, Refik Halit, _d1888-1965. |
|
| 245 | 1 | 0 |
_aAgo Paşanın hatıratı, _b[Hikâyeler / _cYazan] Refik Halid. |
| 250 | _a2. basılış. | ||
| 260 |
_aİstanbul], _bS. Lûtfi Kitabevi, _c[1939]. |
||
| 300 |
_a159 p. _c20 cm. |
||
| 490 | 0 |
_aHis. Külliyat, _v4. |
|
| 999 |
_c46527 _d46527 |
||